How intensive is competition in the emerging markets? <an> analysis of corporate rates of return from nine emerging markets
Gespeichert in:
| 1. Verfasser: | |
|---|---|
| Weitere Verfasser: | , |
| Format: | Buch |
| Sprache: | Englisch |
| Veröffentlicht: |
Washington
International Monetary Fund
1999
|
| Schriftenreihe: | IMF Working Paper
32 |
| Schlagworte: | |
| Tags: |
Keine Tags, Fügen Sie das erste Tag hinzu!
|
MARC
| LEADER | 00000nam a2200000 4500 | ||
|---|---|---|---|
| 001 | c110404 | ||
| 005 | 20221221082552.5 | ||
| 041 | 0 | |a eng | |
| 044 | |a US | ||
| 245 | 1 | 0 | |a How intensive is competition in the emerging markets? |b <an> analysis of corporate rates of return from nine emerging markets |c Jack Glen, Ajit Singh and Rudolph Matthias |
| 264 | 1 | |a Washington |b International Monetary Fund |c 1999 | |
| 300 | |a 44 s. | ||
| 490 | 1 | |a IMF Working Paper |v 32 | |
| 830 | 0 | |a IMF Working Paper |v 32 | |
| 610 | 2 | 0 | |a krajiny rozvojové |
| 610 | 2 | 0 | |a konkurencia |
| 610 | 2 | 0 | |a návratnosť investícií |
| 610 | 2 | 0 | |a kríza |
| 610 | 2 | 0 | |a Ázia |
| 610 | 2 | 0 | |a obchod medzinárodný |
| 610 | 2 | 0 | |a analýza trhu |
| 610 | 2 | 0 | |a komodity |
| 100 | 1 | |a Glen, Jack | |
| 700 | 1 | |a Singh, Ajit | |
| 700 | 1 | |a Matthias, Rudolph | |